Effectif du RC Lens en 2021 - Statistiques

Statistiques générales
  • Ce quiz a été pris 396 fois
  • Le résultat moyen est 15 sur 26
Statistiques - réponses
Réponse % Correct
Jean-Louis Leca
93%
Seko Fofana
89%
Jonathan Clauss
88%
Florian Sotoca
85%
Wuilker Farinez
83%
Franck Haise
81%
Jonathan Gradit
80%
Facundo Medina
79%
Arnaud Kalimuendo
75%
Cheick Doucouré
73%
Gaël Kakuta
71%
Massadio Haidara
70%
Ignatius Ganago
68%
Yannick Cahuzac
67%
David Pereira Da Costa
60%
Loïc Bade
59%
Corentin Jean
57%
Simon Banza
45%
Steven Fortes
42%
Clément Michelin
37%
Ismaël Boura
30%
Issiaga Sylla
30%
Tony Mauricio
22%
Zakaria Diallo
19%
Cheick Traoré
15%
Adam Oudjani
7%
Aucun quiz correspondant
Distribution des résultats
% des personnes avec chaque résultat
Percentile par nombre de réponses
Votre historique - résultats
Vous n’avez pas pris ce quiz